书目信息 |
| 题名: |
大电流能量技术与应用
|
|
| 作者: | ;陈国呈 译 ;电气学会 编 | |
| 分册: | ||
| 出版信息: | 北京 科学出版社 2004 |
|
| 页数: | 10,271页 | |
| 开本: | 24cm | |
| 丛书名: | ||
| 单 册: | ||
| 中图分类: | TM89 | |
| 科图分类: | ||
| 主题词: | 大电流--技术 , 大电流--应用 , 大电流 | |
| 电子资源: | ||
| ISBN: | 7-03-014000-1 | |
| 000 | 01048nam0 2200265 450 | |
| 001 | 002740904 | |
| 005 | 20070805112009.34 | |
| 010 | @a7-03-014000-1@dCNY32.00 | |
| 100 | @a20041022d2004 em y0chiy0110 ea | |
| 101 | 1 | @achi@cjpn |
| 102 | @aCN@b110000 | |
| 105 | @ay z 001yy | |
| 106 | @ar | |
| 200 | 1 | @a大电流能量技术与应用@Ada dian liu neng liang ji shu yu ying yong@f(日)电气学会大电流能量应用技术调查专门委员会编@F( ri ) dian qi xue hui da dian liu neng liang ying yong ji shu diao cha zhuan men wei yuan hui bian@g陈国呈译@Gchen guo cheng yi |
| 210 | @a北京@c科学出版社@d2004 | |
| 215 | @a10,271页@d24cm | |
| 330 | @a本书从大电流能量技术的基础现象、直流大电流技术、交流大电流技术、大电流能量现象的高度分析技术等方面介绍大电流能量技术及其应用。 | |
| 606 | 0 | @a大电流@x技术 |
| 606 | 0 | @a大电流@x应用 |
| 606 | 0 | @a大电流 |
| 690 | @aTM89@v4 | |
| 702 | 0 | @a陈国呈@Achen guo cheng@f(1944~)@4译 |
| 711 | 02 | @c(日)@a电气学会@Adian qi xue hui@b大电流能量应用技术调查专门委员会@4编 |
| 801 | 0 | @aCN@bNLC@c20070805 |
| 905 | @dTM89@e31@f5 | |
| 大电流能量技术与应用/(日)电气学会大电流能量应用技术调查专门委员会编/陈国呈译.-北京:科学出版社,2004 |
| 10,271页;24cm |
| ISBN 7-03-014000-1:CNY32.00 |
| 本书从大电流能量技术的基础现象、直流大电流技术、交流大电流技术、大电流能量现象的高度分析技术等方面介绍大电流能量技术及其应用。 |
| ● |
| 相关链接 |
|
|
|
|
正题名:大电流能量技术与应用
索取号:TM89/31
 
预约/预借
| 序号 | 登录号 | 条形码 | 馆藏地/架位号 | 状态 | 备注 |
| 1 | 0851313 | 208513134 | 第二样本阅览室/ [索取号:TM89/31] | 在馆 | |
| 2 | 0851314 | 208513143 | 第三借阅区/ [索取号:TM89/31] | 在馆 | |
| 3 | 0851315 | 208513152 | 第三借阅区/ [索取号:TM89/31] | 在馆 | |
| 4 | 0851316 | 208513161 | 第三借阅区/ [索取号:TM89/31] | 在馆 | |
| 5 | 0851317 | 208513170 | 第三借阅区/ [索取号:TM89/31] | 在馆 |